000 01292cam a22003977a 4500
003 CHAP
005 20220817043713.0
008 000912d1990 mx a r 00110 esp d
010 _a82204
011 _a83176
020 _a9682440556
035 _a93687
040 _cCHAP
082 0 4 _a641.1
_bM33 1990
100 0 0 _aMeyer, Marco R.
_975294
245 1 0 _aControl de calidad de productos agropecuarios
_c/por Marco R. Meyer
250 _a2 ed.
260 _aMéxico, D. F. :
_bTrillas,
_c1999 (c.1990).
300 _a102 p. :
_bilus.
590 _aBATCH-UPD
_b10
_c20130110
_lUCH01
_h0043
590 _aBATCH-UPD
_b10
_c20130110
_lUCH01
_h1151
590 _aBATCH-UPD
_b10
_c20130409
_lUCH01
_h2028
590 _aBATCH-UPD
_b10
_c20130410
_lUCH01
_h0735
590 _aBATCH-UPD
_b10
_c20130913
_lUCH01
_h2237
590 _aCONVERSION
_b10
_c20130109
_lUCH01
_h1346
650 1 4 _aAgua
_xCalidad.
_92316
650 1 4 _aAlimentos
_xAnálisis.
_94164
650 1 4 _aAlimentos
_xCalidad.
650 1 4 _aAlimentos
_xControl.
_94211
650 1 4 _aProductos agrícolas
_xCalidad.
_991922
650 1 4 _aProductos pecuarios
_xCalidad.
_992163
901 _aBK
905 _aLilia Sánchez G.
942 _cLIBRO
949 _a641.1 M33 1990
_bBC
_cLIBRO
_d33724000785705
_eLIBRO
_gI.c/e
_h98733
_i93687
_si
_t$38.25
999 _c82204
_d82204